010170000a22002290004500090001400000245008100014650002400095650002000119650003100139650003200170650003900202650002100241653001800262653001400280041001300294100003100307942001300338773007100351999001700422952017400439952017400613 aARb0316610aTaxonimic revision of Cruckshanksia and Oreopolus ()14aVegetación99279914aBotánica936114aTaxonomía vegetal99226214aMorfología vegetal91829514aDistribución geográfica99299714aHábitat992506 gCruckshanksia gOreopolus0 aInglés1 aTaylor, Charlotte M.99073 cARTICULO1 tAnnals of the Missouri Botanical Garden3157h4q461-479d1996g83 c12221d12221 001040718HEMEROTECAaBogotabBogotad2015-02-27ePrieto, AdrianahFuera de circulaciónl0oAR 03166p013570r2015-03-25 00:00:00t2w2015-03-25xEntregadoyARTICULO 001040718HEMEROTECAaBogotabBogotad2015-02-27ePrieto, AdrianahFuera de circulaciónl0oAR 03166p013977r2015-03-25 00:00:00t1w2015-03-25xEntregadoyARTICULO